Introduction to the Control of Dynamic Systems (Record no. 559962)
[ view plain ]
| 000 -LEADER | |
|---|---|
| fixed length control field | 00380nam a2200133Ia 4500 |
| 008 - FIXED-LENGTH DATA ELEMENTS--GENERAL INFORMATION | |
| fixed length control field | 210428s9999 xx 000 0 und d |
| 020 ## - INTERNATIONAL STANDARD BOOK NUMBER | |
| International Standard Book Number | 1-56347-083-7 |
| 082 ## - DEWEY DECIMAL CLASSIFICATION NUMBER | |
| Classification number | 660.04 S 637 I |
| 100 ## - MAIN ENTRY--PERSONAL NAME | |
| Personal name | Frederick O.Smetana |
| 9 (RLIN) | 52195 |
| 245 #0 - TITLE STATEMENT | |
| Title | Introduction to the Control of Dynamic Systems |
| 260 ## - PUBLICATION, DISTRIBUTION, ETC. | |
| Name of publisher, distributor, etc. | North Carolina State University |
| Place of publication, distribution, etc. | America |
| Date of publication, distribution, etc. | 1994 |
| 300 ## - PHYSICAL DESCRIPTION | |
| Extent | 713p |
| 942 ## - ADDED ENTRY ELEMENTS (KOHA) | |
| Koha item type | Book |
| Withdrawn status | Lost status | Damaged status | Not for loan | Permanent Location | Current Location | Date acquired | Total Checkouts | Full call number | Barcode | Date last seen | Price effective from | Koha item type |
|---|---|---|---|---|---|---|---|---|---|---|---|---|
| School of Chemical & Materials Engineering (SCME) | School of Chemical & Materials Engineering (SCME) | 05/11/7 | 660.04 S 637 I | SCME-110 | 04/28/2021 | 04/28/2021 | Book |
